000 01081cam a2200277 i 4500
001 59591
003 Mx-PuUPA
005 20230130105845.0
008 140415s2010 mx ad gr 000 0 spa d
020 _a9786079553906
040 _aMx-PuUPA
_bspa
_cMx-PuUPA
_dMx-PuUPA
_erda
041 0 _aspa
100 1 _aAbedrop, Enrique,
_eautor
245 1 0 _aPresupuesto basado en resultados /
_cEnrique Abedrop
246 1 5 _aPresupuesto basado en resultados :
_b¿por qué en México gastamos sin obtener resultados?.
264 1 _aSan Andrés Cholula, Puebla :
_bGrupo Editorial y de Investigación Polaris, S.A. de C.V.
_c©2010
300 _a347 páginas :
_bilustraciones, gráficas, tablas ;
_c22 cm
336 _2rdacontent
_atexto
_btxt
337 _2rdamedia
_asin medio
_bn
338 _2rdacarrier
_avolumen
_bnc
500 _aNecesitamos aprender a no dejar nada al azar para alcanzar objetivos.-- Cubierta.
650 7 _aPresupuesto
_xPresupuesto de capital
_2armarc
942 _2ddc
_cLI
_h658.154
_iA138
999 _c59591
_d59591